| 000 | 01009nmm a2200289 a 4500 | ||
|---|---|---|---|
| 001 | ocm000588683 | ||
| 003 | TR-IsHL | ||
| 005 | 20201028123146.0 | ||
| 008 | 110704s2010 tu tur | ||
| 007 | cr cn | ||
| 020 | _a9789757747932 | ||
| 035 |
_a588683 _b(N$T) |
||
| 050 | 0 | 4 |
_aPK2199.I65. _bZ67 2010 |
| 090 | 0 | 4 |
_aPK2199.I65. _bZ67 2010 |
| 100 | 1 | _aİkbal, Muhammed | |
| 245 | 1 | 0 |
_aMuhammed İkbal külliyatı _h[electronic resource] / _cMuhammed İkbal ; çev. Ahmet Metin Şahin |
| 250 | _a1. bs. | ||
| 260 |
_aİstanbul : _bIrmak Yayınevi, _c2010 |
||
| 300 | _a477 p. | ||
| 650 | 4 | _aDil ve Edebiyat | |
| 650 | 4 | _aLanguage and Literature | |
| 650 | 0 |
_aİkbal, Muhammed, Sir, 1877-1938 _x Eleştiri ve yorum |
|
| 650 | 0 |
_aIqbal, Muhammad, Sir, 1877-1938 _x Criticism and interpretation |
|
| 650 | 7 |
_aLITERARY CRITICISM / Middle Eastern _2bisacsh |
|
| 700 | 1 | _aŞahin, Ahmet Metin | |
| 856 | 4 | 0 | _uhttp://search.ebscohost.com/login.aspx?direct=true&scope=site&db=e011xww&AN=588683 |
| 999 |
_c2252 _d2252 |
||